Obejctive quantitative aptitude : (Record no. 53844)

MARC details
000 -LEADER
fixed length control field 00398nam a2200145Ia 4500
005 - DATE AND TIME OF LATEST TRANSACTION
control field 20260430133744.0
008 - FIXED-LENGTH DATA ELEMENTS--GENERAL INFORMATION
fixed length control field 260429s9999||||xx |||||||||||||| ||und||
020 ## - INTERNATIONAL STANDARD BOOK NUMBER
International Standard Book Number 9789367474204
082 ## - DEWEY DECIMAL CLASSIFICATION NUMBER
Classification number 153.94
Item number OBE
245 #0 - TITLE STATEMENT
Title Obejctive quantitative aptitude :
Remainder of title for all competitive examinations /
250 ## - EDITION STATEMENT
Edition statement 3rd ed.
260 ## - PUBLICATION, DISTRIBUTION, ETC. (IMPRINT)
Place of publication, distribution, etc Agra :
Name of publisher, distributor, etc Oswal Book,
Date of publication, distribution, etc 2025.
300 ## - PHYSICAL DESCRIPTION
Extent 399 p.; pbk
942 ## - ADDED ENTRY ELEMENTS (KOHA)
Koha item type Coaching cell/ UGC NET Cell
Holdings
Withdrawn status Lost status Damaged status Not for loan Home library Location Shelving location Date of Cataloging Source of acquisition Total Checkouts Full call number Barcode Date last seen Price effective from Koha item type
        CUTN Central Library CUTN Central Library Philosophy & psychology 30/04/2026 UGC NET cell books   153.94 OBE 55493 30/04/2026 30/04/2026 Coaching cell/ UGC NET Cell